000 00561nam a2200229Ia 4500
003 OSt
005 20220924144207.0
006 a|||||r|||| 00| 0
007 ta
008 220923b |||||||| |||| 00| 0 urd d
024 _a312773
037 _cTextual
040 _aARTS
_cARTS
_burd
041 _2urd
_aurd
082 _aO168,1KG,12, G8
100 _aGhawwasi
_9187426
245 0 _aQissah saiful mulk
260 _c1938
650 _aURDU POETRY
942 _hO168,1KG,12, G8
_cTEXL
_2CC
999 _c456393
_d456393